| 000 | 01596 a2200313 4500 | ||
|---|---|---|---|
| 003 | Nust | ||
| 005 | 20170207154017.0 | ||
| 010 | _a 2004272795 | ||
| 020 | _a0596004273 | ||
| 035 | _a(CStRLIN)MIUGBBY2748-B | ||
| 035 | _a(III)iiio42268278 | ||
| 035 | _a(MiU)notisBBY2748 | ||
| 035 | _a(OCoLC)52196699 | ||
| 040 | _cNust | ||
| 082 | 0 | 0 | _a005.133 |
| 100 | 1 | _aCrawford, William, | |
| 245 | 1 | 0 |
_aJ2EE design patterns(E-BOOK) _cWilliam Crawford and Jonathan Kaplan. |
| 260 |
_aSebastopol, CA : _bO'Reilly, _c2003. |
||
| 300 |
_axvi, 350 p. : _bill. ; _c24 cm. |
||
| 505 | _a Chapter 1. Java Enterprise Design, Chapter 2. The Unified Modeling Language, Chapter 3. Presentation Tier Architecture, Chapter 4. Advanced Presentation Tier Design, Chapter 5. Presentation Tier Scalability, Chapter 6. The Business Tier, Chapter 7. Tier Communications, Chapter 8. Database and Data Patterns, Chapter 9. Business Tier Interfaces, Chapter 10. Enterprise Concurrency, Chapter 11. Messaging, Chapter 12. J2EE Antipatterns, Appendix A. Presentation Tier Patterns. | ||
| 650 | 0 |
_aComputer software _xDevelopment. |
|
| 650 | 0 | _aJava (Computer program language) | |
| 650 | 0 | _aSoftware patterns. | |
| 651 | _aJ2EE design patterns(E-BOOK) | ||
| 700 | 1 | _aKaplan, Jonathan. | |
| 856 | 4 | 2 |
_3Contributor biographical information _uhttp://www.loc.gov/catdir/enhancements/fy0912/2004272795-b.html |
| 856 | 4 | 2 |
_3Publisher description _uhttp://www.loc.gov/catdir/enhancements/fy0715/2004272795-d.html |
| 856 | 4 | 2 |
_3Table of contents only _uhttp://www.loc.gov/catdir/enhancements/fy1010/2004272795-t.html |
| 942 |
_2ddc _cBK |
||
| 999 |
_c191502 _d191502 |
||